Essentials of Business Processes & Information Systems (Record no. 15807)
[ view plain ]
| 000 -LEADER | |
|---|---|
| fixed length control field | 00421nam a2200157Ia 4500 |
| 008 - FIXED-LENGTH DATA ELEMENTS--GENERAL INFORMATION | |
| fixed length control field | 221030s9999 xx 000 0 und d |
| 020 ## - INTERNATIONAL STANDARD BOOK NUMBER | |
| ISBN | 8126521753 |
| 041 ## - LANGUAGE CODE | |
| Language code of text/sound track or separate title | |
| 100 ## - MAIN ENTRY--AUTHOR NAME | |
| Personal name | S. R. Magal |
| 245 #0 - TITLE STATEMENT | |
| Title | Essentials of Business Processes & Information Systems |
| Statement of responsibility, etc | by S. R. Magal, J. Word |
| 260 ## - PUBLICATION, DISTRIBUTION, ETC. (IMPRINT) | |
| Name of publisher | Willey Pub. |
| Place of publication | New Delhi |
| Year of publication | 2014 |
| 300 ## - PHYSICAL DESCRIPTION | |
| Number of Pages | 170 |
| 650 ## - SUBJECT ADDED ENTRY--TOPICAL TERM | |
| Topical Term | MBA Computers |
| 700 ## - ADDED ENTRY--PERSONAL NAME | |
| Personal name | J. Word |
| 942 ## - ADDED ENTRY ELEMENTS (KOHA) | |
| Koha item type | Books |
| Accession Number | Cost, normal purchase price | Bill Date | Source of acquisition | Price effective from | Koha item type | Withdrawn / writtenoff status | Materials specified (bound volume or other part) | Damaged status | Not for loan | Permanent Location | Current Location | Shelving location | Date acquired | Lost/ Missing status | department |
|---|---|---|---|---|---|---|---|---|---|---|---|---|---|---|---|
| MBA 2659 | 379.00 | 3918 | RKB | 10/30/2022 | Books | Not For Loan | MIET Library, Jammu | MIET Library, Jammu | BL-Academic Block B, FL-2, CUP-66, SH-6, R-6 | 12/03/2015 | MBA | ||||
| MBA 2660 | 379.00 | 3918 | RKB | 10/30/2022 | Books | MIET Library, Jammu | MIET Library, Jammu | BL-Academic Block B, FL-2, CUP-115, SH-3, R-3 | 12/03/2015 | MBA | |||||
| MBA 2661 | 379.00 | 3918 | RKB | 10/30/2022 | Books | MIET Library, Jammu | MIET Library, Jammu | BL-Academic Block B, FL-2, CUP-115, SH-3, R-3 | 12/03/2015 | MBA |